Oracle Database 10g DBA Handbook (Record no. 93723)

MARC details
000 -LEADER
fixed length control field 00585nam a2200205Ia 4500
005 - DATE AND TIME OF LATEST TRANSACTION
control field 20230416050129.0
008 - FIXED-LENGTH DATA ELEMENTS--GENERAL INFORMATION
fixed length control field 230125s9999 xx 000 0 und d
020 ## - INTERNATIONAL STANDARD BOOK NUMBER
International Standard Book Number 0-07-060113-5
041 ## - LANGUAGE CODE
Language code of text/sound track or separate title eng
082 ## - DEWEY DECIMAL CLASSIFICATION NUMBER
Classification number 005.133
Item number LON
100 ## - MAIN ENTRY--PERSONAL NAME
Author Loney K
245 ## - TITLE STATEMENT
Title Oracle Database 10g DBA Handbook
Remainder of title Manage a Robust, Scalable and Highly Available Oracle Database
260 ## - PUBLICATION, DISTRIBUTION, ETC.
Date of publication, distribution, etc. 2006
Name of publisher, distributor, etc. Tata Mcgraw Hill
Place of publication, distribution, etc. U.S.A.
300 ## - PHYSICAL DESCRIPTION
Extent 718p
500 ## - GENERAL NOTE
Keywords Oracle<br/>
650 ## - SUBJECT ADDED ENTRY--TOPICAL TERM
Topical term or geographic name entry element Oracle
700 ## - ADDED ENTRY--PERSONAL NAME
Personal name Loney K; Mrs. Saraf, Donor & Bryla B
942 ## - ADDED ENTRY ELEMENTS (KOHA)
Koha item type Books
906 ## - LOCAL DATA ELEMENT F, LDF (RLIN)
b 225
Holdings
Withdrawn status Lost status Damaged status Not for loan Home library Current library Date acquired Vendor Net Price Full call number Barcode Date last seen Actual Price Bill Date Koha item type Original Barcode
Withdrawn 2022-23       Smt. Hiraben Nanavati Institute of Management & Research for Women Smt. Hiraben Nanavati Institute of Management & Research for Women 24/06/2015 Donated Book- Outside Donar 450.00 005.133 LON DB2139 HIMR-DB-2139 25/01/2023 225.00 25/01/2023 Donated Book DB2139